10 najlepszych holenderskich klubów w tabeli wszechczasów - Statystyki

Ogólne statystyki
  • Ten quiz został rozwiązany 35 razy
  • Średni wynik to 6 z 10
Statystyki odpowiedzi
L.P Odpowiedź Punkty % Poprawnych
1. Ajax Amsterdam 5109
100%
2. PSV Eindhoven 4826
100%
3. Feyenoord Rotterdam 4527
88%
7. AZ Alkmaar 2517
64%
6. FC Utrecht 2590
52%
4. Twente Enschede 3102
52%
5. Sparta Rotterdam 2625
48%
8. FC Groningen 2430
36%
10. NAC Breda 2071
36%
9. Roda JC Kerkrade 2078
3%
Nie znaleziono quizów pasujących do podanych kryteriów
Rozkład punktacji
Procent ludzi z każdym wynikiem
Percentyl według liczby udzielonych odpowiedzi
Twoja historia wyników
Nie rozwiązałeś tego quizu